000 00570nam a22001697a 4500
003 NUST
038 _aNusrat Nadeem
082 _a200
100 _aShabir, Balawal
_9124764
245 _aA Framework of Effective Resource Allocation with Privacy Preservation in Connected Vehicles/
_cBalawal Shabir,
264 _aIslamabad;
_bSEECS NUST;
_c2023.
300 _a123,p;
_bill;
_c30,cm.
650 _aPhD-Computer Science
_9123747
700 _aSupervisor: Dr. Asad Waqar Malik
_996681
856 _uhttp://10.250.8.41:8080/xmlui/handle/123456789/41958
942 _2ddc
_cSC
999 _c610557
_d610557